Blue Economy Development in Latin America

Novým impulzom pre modrú ekonomiku sú chov rýb a šetrné hospodárenie s vodou. V Latinskej Amerike existujú rôzne faktory ovplyvňujúce rybné hospodárstvo a akvakultúru. Sú to najmä nadmerné rybolovy, zmeny teploty mora a zvyšovanie hladiny morí v rôznych krajinách regiónu.

Saved in:
Bibliographic Details
Main Author: Dziura, Boris, 1976-
Other Authors: Přívara, Andrej, 1983-
Format: Book Chapter
Language:English
Subjects:
Tags: Add Tag
No Tags, Be the first to tag this record!

MARC

LEADER 00000nla a2200000 4500
001 0241215
005 20240502073926.9
041 0 |a eng 
044 |a SK 
245 1 0 |a Blue Economy Development in Latin America  |c Boris Dziura, Andrej Přívara 
520 |a Novým impulzom pre modrú ekonomiku sú chov rýb a šetrné hospodárenie s vodou. V Latinskej Amerike existujú rôzne faktory ovplyvňujúce rybné hospodárstvo a akvakultúru. Sú to najmä nadmerné rybolovy, zmeny teploty mora a zvyšovanie hladiny morí v rôznych krajinách regiónu. 
610 2 0 |a ekonomika modrá 
610 2 0 |a voda 
610 2 0 |a rybolov 
610 2 0 |a hospodárnosť 
610 2 0 |a rozvoj trvalo udržateľný 
610 2 0 |a prostredie životné 
610 2 0 |a zmeny klimatické 
610 2 0 |a Latinská Amerika 
100 1 |a Dziura, Boris, 1976- 
700 1 |a Přívara, Andrej, 1983-